000 00438nam a2200157Ia 4500
008 230711s9999||||xx |||||||||||||| ||und||
041 _aENG
082 _a5
_bPR-M
100 _aPratap,Rudra
245 0 _aGetting started with MATLAB 7 : a quick introduction for scientists and engineers
250 _a7th . . Ed.
260 _c2008
_aNew Delhi
_bOxford University Press
300 _a244
650 _aComputer Engineering
942 _cBK
999 _c4936
_d4936